000
00322cam a2200145ua 4500
003
OSt
008
231116b |||||||| |||| 00| 0 eng d
041
_a
mal
082
_a
894.8121
_b
PKB/KE
245
_a
Keralavarma Ramayanam /
250
_a
1 /
260
_a
Calicut :
_b
P K Brothers.
300
_a
447 ; .
942
_c
BK
999
_c
6584
_d
6584